[Event "Moscow Open 2012 A"]
[Site "Moscow RUS"]
[Date "2012.01.30"]
[Round "3.48"]
[White "Dimukhametov,A"]
[Black "Nozdrachev,V"]
[Result "1-0"]
[WhiteElo "2327"]
[BlackElo "2463"]

1.d4 Nf6 2.c4 e6 3.Nc3 Bb4 4.f3 d5 5.a3 Be7 6.e4 dxe4 7.fxe4 e5 8.d5 Bc5
9.Bg5 Bd4 10.Qf3 Nbd7 11.Nge2 c5 12.Ng3 h6 13.Bd2 g6 14.Bd3 Kf8 15.O-O-O Kg7
16.Rdf1 Qe7 17.Nb5 Ne8 18.Ne2 a6 19.Nbc3 Nd6 20.g4 b5 21.cxb5 c4 22.Bc2 axb5
23.Na2 Bb6 24.Nb4 Bb7 25.Nc6 Bxc6 26.dxc6 Nc5 27.Nc3 Ba5 28.Be3 Na6 29.Nd5 Qe6
30.Qg3 Bd8 31.g5 h5 32.c7 Nxc7 33.Rf6 Nf5 34.exf5 Qxd5 35.Rd1 h4 36.Qf2 Qb7
37.fxg6  1-0

[Event "ch-TUR 2012"]
[Site "Kemer TUR"]
[Date "2012.01.31"]
[Round "4"]
[White "Citak,S"]
[Black "Sengul,C"]
[Result "1-0"]
[WhiteElo "2390"]
[BlackElo "2168"]

1.d4 Nf6 2.c4 e6 3.Nc3 Bb4 4.f3 Bxc3+ 5.bxc3 d5 6.Ba3 Nbd7 7.cxd5 Nxd5 8.Qd2 c5
9.e4 Qa5 10.Bb2 Ne7 11.Bd3 b6 12.Ne2 Ba6 13.O-O Bxd3 14.Qxd3 Rc8 15.a4 O-O
16.Qb5 Nc6 17.Ba3 a6 18.Qb2 Rfd8 19.Rfd1 cxd4 20.cxd4 Qg5 21.Bd6 Na5 22.Bf4 Qe7
23.Rac1 Nc4 24.Qb3 Qa3 25.Qxa3 Nxa3 26.Bc7 b5 27.Bxd8 Rxd8 28.axb5 axb5 29.d5 e5
30.Rd3 Nc4 31.Rb3 Rb8 32.Rb4 Kf8 33.Nc3 Na3 34.Rb3 b4 35.Na2 Nb5 36.Rxb4 Nd6
37.Rxb8+ Nxb8 38.Rc7 Ke8 39.Nb4 Nd7 40.Nc6 f5 41.exf5 Nxf5 42.Rc8+ Kf7 43.Rd8 Nb6
44.Nxe5+ Kf6 45.f4 Ke7 46.Nc6+ Kf7 47.Kf2 Nc4 48.Ne5+ Ke7 49.Rd7+ Ke8 50.Ra7 Ncd6
51.Ra8+ Ke7 52.g4 Ne4+ 53.Kf3 Nfd6 54.Rg8 g6 55.Rg7+ Kf6 56.Rxh7 Ng5+ 57.fxg5+ Kxe5
58.Rg7 Kxd5 59.Rd7 Ke6 60.Rxd6+ Kxd6 61.Ke4 Ke6 62.h4 Kd6 63.h5 Ke6 64.h6  1-0

[Event "Moscow Open 2012 A"]
[Site "Moscow RUS"]
[Date "2012.02.01"]
[Round "5.63"]
[White "Shyam,SM"]
[Black "Zemerov,V"]
[Result "0-1"]
[WhiteElo "2462"]
[BlackElo "2323"]

1.d4 Nf6 2.c4 e6 3.Nc3 Bb4 4.f3 d5 5.a3 Bxc3+ 6.bxc3 c5 7.cxd5 exd5 8.e3 O-O
9.Ra2 Re8 10.Bd3 b6 11.g4 Ba6 12.Ne2 cxd4 13.cxd4 Bxd3 14.Qxd3 Nc6 15.O-O Rc8
16.Nf4 Qd6 17.Rg2 Ne7 18.g5 Nd7 19.Rg4 Ng6 20.Nh5 Qc6 21.Ng3 Qc2 22.Qb5 Qc6
23.Qxc6 Rxc6 24.e4 Rec8 25.Bd2 Rc2 26.Rf2 Ra2 27.exd5 Rcc2 28.Nf1 f5 29.gxf6 Nxf6
30.Rg5 Nf4 31.Bxf4 Rxf2 32.d6 Rxf3 33.Be5 Ra1 34.Rxg7+ Kf8 35.Kg2 Raxf1 36.d7 Nxd7
37.Rxd7 R1f2+ 38.Kg1 Ra2 39.Rc7 Rd3 40.Rc1 Kf7  0-1

[Event "Moscow Open 2012 A"]
[Site "Moscow RUS"]
[Date "2012.02.01"]
[Round "5.23"]
[White "Volkov,Sergey1"]
[Black "Sundararajan,K"]
[Result "1-0"]
[WhiteElo "2633"]
[BlackElo "2474"]

1.d4 Nf6 2.c4 e6 3.Nc3 Bb4 4.f3 c5 5.d5 O-O 6.e4 Re8 7.Ne2 d6 8.Ng3 b5 9.Kf2 bxc4
10.Bxc4 Ba6 11.Bxa6 Nxa6 12.dxe6 fxe6 13.e5 dxe5 14.Qxd8 Raxd8 15.Nce4 c4
16.Be3 Nd5 17.Bxa7 Nf4 18.Rhb1 Rd3 19.Kf1 Ra8 20.Bf2 c3 21.bxc3 Bxc3 22.Nxc3 Rxc3
23.Ne4 Ra3 24.Rb3 Nc7 25.Rxa3 Rxa3 26.Bc5 Ra4 27.a3 Ncd5 28.Rb1 h6 29.g3 Nd3
30.Rb8+ Kf7 31.Rb7+ Kg8 32.Bd6 Rd4 33.h4 Ne3+ 34.Ke2 Nf5 35.Bb8 Nc1+ 36.Kf2 Nd3+
37.Kf1 Rc4 38.Rc7 Rxc7 39.Bxc7 Nb2 40.Kf2 Kf8 41.Nc5 Nc4 42.a4 Ke7 43.a5 Nd4
44.a6 Nc6 45.Bb8 Nb6 46.a7 Na8 47.Ke3 g6 48.Ne4 Nd8 49.Bd6+ Ke8 50.g4 Nb6
51.Bc7 Na8 52.Bxe5  1-0

[Event "Gibraltar Open"]
[Site "Caleta ENG"]
[Date "2012.02.02"]
[Round "10.70"]
[White "Arvola,B"]
[Black "Mastalerz,X"]
[Result "1-0"]
[WhiteElo "2261"]
[BlackElo "2135"]

1.d4 e6 2.c4 Nf6 3.Nc3 Bb4 4.f3 d5 5.a3 Bxc3+ 6.bxc3 c5 7.cxd5 Nxd5 8.dxc5 Qa5
9.e4 Nc7 10.Qd4 f6 11.Qb4 Nc6 12.Qxa5 Nxa5 13.Rb1 e5 14.Ne2 Bd7 15.Nd4 exd4
16.cxd4 Ba4 17.d5 O-O-O 18.Rb4 Bc2 19.Rb2 Ba4 20.Rb4 Bc2 21.g3 Nxd5 22.Bh3+ Kb8
23.exd5 Rxd5 24.Kf2 Rxc5 25.Bf4+ Ka8 26.Rc1 b6 27.Be3 Rc6 28.Bg2 Nb7 29.f4 Rcc8
30.a4 Kb8 31.a5 Nxa5 32.f5 Nb7 33.Bf4+ Ka8 34.Rxb6 a5 35.Rxb7  1-0

[Event "Moscow Open 2012 A"]
[Site "Moscow RUS"]
[Date "2012.02.02"]
[Round "6.22"]
[White "Timofeev,Arty"]
[Black "Demidov,M"]
[Result "1/2-1/2"]
[WhiteElo "2659"]
[BlackElo "2451"]

1.d4 e6 2.c4 Nf6 3.Nc3 Bb4 4.f3 d5 5.a3 Bxc3+ 6.bxc3 c5 7.cxd5 exd5 8.e3 Qc7
9.Ra2 Bf5 10.g4 Bg6 11.Ne2 cxd4 12.cxd4 Nbd7 13.Nf4 Rc8 14.Bd2 Bc2 15.Qc1 g5
16.Bd3 Bxd3 17.Qxc7 Rxc7 18.Nxd3 h5 19.gxh5 Rxh5 20.O-O Nb6 21.Ba5 Re7 22.Bxb6 axb6
23.Re2 Rh4 24.Rff2 Rh3 25.Kg2 Rh6 26.Ne5 Nd7 27.f4 gxf4 28.exf4 Nf6 29.Rc2 Kd8
30.Rf3 Ne4 31.f5 f6 32.Ng6 Rg7 33.Rh3 Rgh7 34.Rxh6 Rxh6 35.Kf3 Rh5 36.h4 Rh7
37.Kg4 Nd6 38.h5 Ne4 39.a4 Nd6 40.Rh2 Nf7 41.Kf4 Nd6 42.Kg4 Nf7 43.Re2 Nh6+
44.Kf4 Ng8 45.Rh2 Ke8 46.Kf3 Rc7 47.h6 Rh7 48.Re2+ Kd8 49.Re6 Rxh6 50.Rd6+ Kc7
51.Rxd5 Rh3+ 52.Ke4 Rh1 53.Rb5 Re1+ 54.Kd3 Rd1+ 55.Kc4 Ra1 56.Rb4 Kc6 57.d5+ Kc7
58.Kb5 Nh6 59.d6+ Kxd6  1/2-1/2

[Event "Moscow Open 2012 A"]
[Site "Moscow RUS"]
[Date "2012.02.03"]
[Round "7.86"]
[White "Anfinogenov,A"]
[Black "Demianjuk,A"]
[Result "0-1"]
[WhiteElo "2109"]
[BlackElo "2313"]

1.d4 Nf6 2.c4 e6 3.Nc3 Bb4 4.f3 d5 5.a3 Bxc3+ 6.bxc3 c5 7.cxd5 exd5 8.e3 O-O
9.Bd3 Nc6 10.Ne2 Re8 11.O-O b6 12.Re1 Bb7 13.Ng3 Rc8 14.Bb2 Na5 15.Rc1 cxd4
16.cxd4 Rxc1 17.Qxc1 Qe7 18.Nf5 Qe6 19.e4 g6 20.Nh6+ Kg7 21.e5 Ng8 22.Ng4 Nc4
23.Ne3 Rc8 24.Qb1 Ba6 25.Bc1 Rc7 26.f4 Nxe3 27.Bxa6 Nc2 28.Rd1 Qg4 29.Rd2 Ne3
30.Bf1 Nxf1 31.Kxf1 Qxf4+ 32.Kg1 Qe4 33.Qxe4 Rxc1+ 34.Kf2 dxe4 35.d5 Rc3
36.Rd4 Rd3 37.Rxd3 exd3 38.Ke3 Kf8 39.Kxd3 f6 40.Ke4 Ke7 41.d6+ Ke6  0-1

[Event "11th Aeroflot Open B"]
[Site "Moscow RUS"]
[Date "2012.02.12"]
[Round "6"]
[White "Yakimenko,Alex"]
[Black "Byelopolskiy,V"]
[Result "1-0"]
[WhiteElo "2258"]
[BlackElo "2478"]

1.d4 Nf6 2.c4 e6 3.Nc3 Bb4 4.f3 d5 5.a3 Bxc3+ 6.bxc3 b6 7.cxd5 exd5 8.e3 Bb7
9.Bd3 Nbd7 10.Ne2 c5 11.O-O O-O 12.Ng3 cxd4 13.cxd4 Re8 14.Ra2 Rc8 15.Re2 Nf8
16.Bb2 Ne6 17.Qd2 Qd7 18.Rfe1 Bc6 19.Rf2 Bb5 20.Bb1 Qc6 21.e4 Qc4 22.e5 Nd7
23.Nf5 Rc6 24.f4 Qa4 25.Ne3 Bc4 26.f5 Nef8 27.f6 Ne6 28.Nf5 gxf6 29.exf6 Ndf8
30.Nh6+ Kh8 31.Nxf7+ Kg8 32.Nh6+ Kh8 33.Nf7+ Kg8 34.Ne5 Kh8 35.f7 Re7 36.Nxc6 Qxc6
37.Qh6 Qc8 38.Qf6+ Ng7  1-0

[Event "ch-ROU Men 2012"]
[Site "Sarata Monteoru ROU"]
[Date "2012.02.14"]
[Round "2.23"]
[White "Posedaru,B"]
[Black "Tufa,M"]
[Result "1-0"]
[WhiteElo "2337"]
[BlackElo "2044"]

1.d4 Nf6 2.c4 e6 3.Nc3 Bb4 4.f3 d5 5.a3 Bxc3+ 6.bxc3 c6 7.e4 dxe4 8.fxe4 Nxe4
9.Qg4 f5 10.Qxg7 Qf6 11.Qxf6 Nxf6 12.Bd3 Nbd7 13.Nf3 O-O 14.O-O Rd8 15.Re1 Nc5
16.dxc5 Rxd3 17.Ne5 Rd8 18.Bg5 Kg7 19.Bh6+ Kg8 20.Rad1 Re8 21.Rd3 Ng4 22.Rg3 Re7
23.h3 Bd7 24.hxg4 f4 25.Rd3 Be8 26.Red1 Bg6 27.Rd8+ Rxd8 28.Rxd8+ Re8 29.Rd7  1-0

[Event "ch-ROU Men 2012"]
[Site "Sarata Monteoru ROU"]
[Date "2012.02.15"]
[Round "4.20"]
[White "Posedaru,B"]
[Black "Martian,D"]
[Result "1-0"]
[WhiteElo "2337"]
[BlackElo "2074"]

1.d4 Nf6 2.c4 e6 3.Nc3 Bb4 4.f3 d5 5.a3 Bxc3+ 6.bxc3 c5 7.cxd5 Nxd5 8.dxc5 Qa5
9.e4 Ne7 10.Be3 O-O 11.Qb3 Qc7 12.a4 Nd7 13.Qa3 f5 14.Nh3 fxe4 15.fxe4 Ng6
16.Nf2 Nf4 17.g3 Ng6 18.Be2 b6 19.cxb6 axb6 20.O-O Bb7 21.Qb3 Kh8 22.Rab1 Rfb8
23.Bxb6 Nxb6 24.Qxb6 Qxc3 25.Rfc1 Qa3 26.Rc7 Bc8 27.Qxb8 Rxb8 28.Rxb8 h6
29.Rcxc8+ Kh7 30.Ra8 Qe3 31.Bh5 Qg5 32.Bxg6+ Kxg6 33.a5 h5 34.a6 h4 35.Kg2 Qe3
36.gxh4 Qf4 37.a7 Qf7 38.Rh8 Qb7 39.Rh6+ Kf7 40.Rf6+  1-0

[Event "ch-ROU Men 2012"]
[Site "Sarata Monteoru ROU"]
[Date "2012.02.19"]
[Round "9.32"]
[White "Dumitrascu,C"]
[Black "Acsinte,M"]
[Result "1-0"]
[WhiteElo "2086"]
[BlackElo "1997"]

1.d4 Nf6 2.c4 e6 3.Nc3 Bb4 4.f3 O-O 5.a3 Bxc3+ 6.bxc3 d5 7.cxd5 exd5 8.e3 Bf5
9.Bd3 Bxd3 10.Qxd3 c5 11.Ne2 Nc6 12.O-O c4 13.Qc2 Na5 14.Ng3 Nb3 15.Rb1 Nxc1
16.Rbxc1 Qe7 17.e4 Qxa3 18.e5 Nd7 19.Nf5 Qa5 20.Qd2 Qd8 21.f4 Nb6 22.Rf3 Kh8
23.Rh3 Nc8 24.Nxg7 Kxg7 25.f5 f6 26.Qh6+ Kf7 27.e6+ Ke7 28.Qxh7+ Kd6 29.Qxb7 Nb6
30.Rh7 Re8 31.Rb1 Re7 32.Rxe7 Qxe7 33.Rxb6+  1-0

[Event "US Amateur Team-ch East"]
[Site "Parsippany USA"]
[Date "2012.02.20"]
[Round "6"]
[White "Bowersock,Michael"]
[Black "Chi,Patrick"]
[Result "1/2-1/2"]
[WhiteElo "2028"]
[BlackElo "2052"]

1.d4 Nf6 2.c4 e6 3.Nc3 Bb4 4.f3 O-O 5.e4 d5 6.e5 Nfd7 7.cxd5 exd5 8.a3 Bxc3+
9.bxc3 f6 10.exf6 Qxf6 11.Be3 Re8 12.Kf2 Nc6 13.Bd3 Nb6 14.Qc2 Nc4 15.Bxc4 dxc4
16.Qa4 b5 17.Qxb5 Qe6 18.Qg5 h6 19.Qf4 Rb8 20.Ne2 Rf8 21.Qxc7 Rb7 22.d5 Qxd5
23.Qg3 Ne5 24.Rhd1 Nd3+ 25.Kf1 Re7 26.Bd4 Rf5 27.h4 Bb7 28.Ng1 Qf7 29.Rd2 Kh7
30.Re2 Be4 31.Qg4 Rf4 32.Qg3 Rf5 33.Qg4 Rf4 34.Qg3 Rf5  1/2-1/2

[Event "ch-ROU Men 2012"]
[Site "Sarata Monteoru ROU"]
[Date "2012.02.20"]
[Round "10.38"]
[White "Iordachescu,Sorin-Emanuel"]
[Black "Tufa,M"]
[Result "0-1"]
[WhiteElo "1876"]
[BlackElo "2044"]

1.d4 Nf6 2.c4 e6 3.Nc3 Bb4 4.f3 d6 5.a3 Bxc3+ 6.bxc3 c5 7.e3 O-O 8.Bd3 Nc6
9.Ne2 Na5 10.O-O b6 11.d5 Ba6 12.dxe6 fxe6 13.Nf4 Qe7 14.Qe2 Nd7 15.Qc2 g6
16.Bxg6 Rxf4 17.exf4 hxg6 18.Qxg6+ Kh8 19.Qh6+ Qh7 20.Qxe6 Bxc4 21.Qxd6 Bxf1
22.Kxf1 Re8 23.h3 Nc4 24.Qd5 b5 25.f5 Qe7 26.Bf4 Qe2+ 27.Kg1 Rg8 28.g3 Nde5
29.Bxe5+ Nxe5 30.Ra2 Rxg3+  0-1

[Event "ch-Moscow S/F 2012"]
[Site "Moscow RUS"]
[Date "2012.02.28"]
[Round "3"]
[White "Anfinogenov,A"]
[Black "Kostin,K"]
[Result "0-1"]
[WhiteElo "2109"]
[BlackElo "2289"]

1.d4 Nf6 2.c4 e6 3.Nc3 Bb4 4.f3 d5 5.a3 Bxc3+ 6.bxc3 c5 7.cxd5 Nxd5 8.Qd3 cxd4
9.cxd4 b6 10.e4 Ba6 11.Qd2 Bxf1 12.Kxf1 Ne7 13.Bb2 O-O 14.Ne2 Nbc6 15.Kf2 f5
16.Qc3 Rf7 17.Nf4 fxe4 18.Nxe6 Qd7 19.Ng5 Nd5 20.Qc2 e3+ 21.Ke2 Rf5 22.h4 Rc8
23.Qb1 Na5 24.a4 Nf4+ 25.Kf1 Nb3 26.Kg1 Ne2+ 27.Kf1 Nd2+ 28.Kxe2 Nxb1 29.Rhxb1 Rc2+
30.Kxe3 Qc6 31.g4 Rxg5 32.hxg5 Rxb2 33.Rxb2 Qc3+ 34.Ke4 Qxb2 35.Re1 Kf7 36.Kd5 Qb3+  0-1

[Event "Magistral Edith Soppe 2012"]
[Site "La Punta ARG"]
[Date "2012.03.02"]
[Round "1"]
[White "Martinez,Ay"]
[Black "Zuriel,M"]
[Result "1-0"]
[WhiteElo "2101"]
[BlackElo "2258"]

1.d4 Nf6 2.c4 e6 3.Nc3 Bb4 4.f3 d5 5.a3 Be7 6.e4 dxe4 7.fxe4 e5 8.d5 Bc5
9.Bg5 h6 10.Bh4 Nbd7 11.Nf3 a5 12.Rb1 O-O 13.b4 axb4 14.axb4 Be7 15.Bg3 Nh5
16.Bf2 g6 17.c5 Re8 18.Bc4 Bf8 19.O-O Ndf6 20.Qb3 Ng4 21.Rbd1 Nf4 22.Bb5 Bd7
23.Bc4 Qf6 24.Kh1 g5 25.Bg1 Qg6 26.g3 Nh3 27.d6 Be6 28.dxc7 Bxc4 29.Qxc4 Nxg1
30.Kxg1 Ne3 31.Qe2 Nxf1 32.Rxf1 b6 33.Nd5 bxc5 34.b5 Re6 35.b6 Rxb6 36.Nxe5 Qe6
37.Nxf7 Bg7 38.Nd8 Qd6 39.Qc4 Kh7 40.e5 Qxe5 41.Nxb6 Qe3+ 42.Kg2  1-0

[Event "32nd TCh-IND w 2012"]
[Site "Panaji IND"]
[Date "2012.03.02"]
[Round "5"]
[White "Sachdev,T"]
[Black "Harini,S"]
[Result "1-0"]
[WhiteElo "2411"]
[BlackElo "2073"]

1.d4 Nf6 2.c4 e6 3.Nc3 Bb4 4.f3 d5 5.a3 Bxc3+ 6.bxc3 c6 7.e3 Nbd7 8.Bd3 e5
9.cxd5 cxd5 10.Ne2 O-O 11.O-O Re8 12.Ng3 Qc7 13.Qc2 Nb6 14.e4 exd4 15.cxd4 Qxc2
16.Bxc2 Nc4 17.e5 Nd7 18.f4 Nf8 19.f5 b5 20.Nh5 Bd7 21.Rf3 Rec8 22.Rg3 g6
23.Bh6 Nxe5 24.dxe5 Rxc2 25.Nf6+ Kh8 26.fxg6 fxg6 27.Bxf8 Rxf8 28.Nxd7 Rd8
29.Nf6 Kg7 30.Nh5+ Kf7 31.Nf4 d4 32.Rd1 a5 33.Rh3 g5 34.Rxh7+ Kg8 35.Ne6 Re8
36.Rg7+ Kh8 37.Rg6 Rc6 38.Ng7 Rxg6 39.Nxe8 Re6 40.Nd6 b4 41.axb4 axb4 42.Rxd4 Kg7
43.Rxb4 Rxe5 44.Rg4 Kf6 45.Ne4+ Kf5 46.Rxg5+  1-0

[Event "TCh-AUT 2 Ost 2011-12"]
[Site "Bruck AUT"]
[Date "2012.03.03"]
[Round "6"]
[White "Liedl,W"]
[Black "Neumeier,K"]
[Result "1-0"]
[WhiteElo "2224"]
[BlackElo "2293"]

1.d4 Nf6 2.c4 e6 3.Nc3 Bb4 4.f3 d5 5.a3 Bxc3+ 6.bxc3 c5 7.cxd5 Nxd5 8.dxc5 f5
9.Qc2 f4 10.Bxf4 Nxf4 11.Qa4+ Nc6 12.Qxf4 Qa5 13.Qc4 e5 14.e3 Ke7 15.Bd3 Be6
16.Qh4+ Kf7 17.Ne2 Qxc5 18.Kf2 Rad8 19.Rhd1 Rd7 20.Bc4 Rxd1 21.Bxe6+ Kxe6
22.Rxd1 Ne7 23.Qe4 b6 24.a4 Rf8 25.Qxh7 Nf5 26.Qg6+ Rf6 27.Qg5 Qc4 28.g4 Nd6
29.Qxg7 Ne4+ 30.Ke1 Rxf3 31.Qxa7 Qc6 32.Qh7 Nc5 33.g5 Qxa4 34.Qg6+ Ke7 35.Qd6+ Ke8
36.Qxe5+ Kf8 37.Rd8+ Kf7 38.g6+ Kxg6 39.Rg8+ Kf7 40.Rg7+  1-0

[Event "European Ind w 2012"]
[Site "Gaziantep TUR"]
[Date "2012.03.03"]
[Round "2"]
[White "Paikidze,N"]
[Black "Patel,Y"]
[Result "1-0"]
[WhiteElo "2406"]
[BlackElo "1839"]

1.d4 Nf6 2.c4 e6 3.Nc3 Bb4 4.f3 d5 5.a3 Bxc3+ 6.bxc3 c6 7.e3 O-O 8.Bd3 b6
9.cxd5 cxd5 10.Ne2 Ba6 11.O-O Bxd3 12.Qxd3 Nc6 13.e4 Qd7 14.a4 Rfc8 15.e5 Ne8
16.g4 Na5 17.Bg5 Rc4 18.f4 f6 19.exf6 Nxf6 20.Bxf6 gxf6 21.f5 e5 22.Kh1 e4
23.Qe3 Kf7 24.Qh6 Rh8 25.Nf4 Nb3 26.Nh5 Rf8 27.Qg7+ Ke8 28.Nxf6+ Rxf6 29.Qxf6 Qf7
30.Qe5+ Kd7 31.Ra2 Rxc3 32.Ra3 Rd3 33.Rxb3 Rxb3 34.Rc1 Kd8 35.Qb8+  1-0

[Event "TCh-CZE Extraliga 2011-12"]
[Site "Czech Republic CZE"]
[Date "2012.03.04"]
[Round "8.6"]
[White "Bernasek,J"]
[Black "Sodoma,J"]
[Result "0-1"]
[WhiteElo "2464"]
[BlackElo "2380"]

1.d4 Nf6 2.c4 e6 3.Nc3 Bb4 4.f3 c5 5.a3 Bxc3+ 6.bxc3 d6 7.e4 Nc6 8.Be3 Qa5
9.Qd2 O-O 10.d5 Ne5 11.Bg5 Qd8 12.Rd1 h6 13.Bf4 Qa5 14.Ra1 Re8 15.Bxe5 dxe5
16.Bd3 b5 17.Ne2 bxc4 18.Bxc4 exd5 19.Bxd5 Nxd5 20.exd5 Ba6 21.Ng3 Rad8 22.Kf2 c4
23.Rhd1 Bb7 24.d6 Re6 25.Nf5 e4 26.fxe4 Bxe4 27.Nd4 Rg6 28.Nf3 Bxf3 29.gxf3 Qe5
30.Kf1 Rgxd6 31.Qe2 Qxc3 32.Rdc1 Qf6 33.Ra2 Rd3 34.Rxc4 Rxf3+ 35.Kg2 Rfd3
36.Rac2 Qf5 37.Rg4 h5 38.Rg3 Qd5+ 39.Kf2 Qf5+ 40.Kg2 Qd5+ 41.Kf2 Rd1 42.Qf3 Qd4+
43.Kg2 Rg1+ 44.Kh3 Qd7+ 45.Kh4 Qa4+  0-1

[Event "ch-Moscow S/F 2012"]
[Site "Moscow RUS"]
[Date "2012.03.05"]
[Round "8"]
[White "Yudkevich,M"]
[Black "Demianjuk,A"]
[Result "1-0"]
[WhiteElo "2200"]
[BlackElo "2313"]

1.d4 Nf6 2.c4 e6 3.Nc3 Bb4 4.f3 d5 5.a3 Bxc3+ 6.bxc3 c5 7.cxd5 exd5 8.e3 c4
9.g4 Nc6 10.Bg2 Na5 11.Ne2 Bd7 12.O-O Nb3 13.Ra2 h6 14.h3 Bc6 15.e4 dxe4
16.fxe4 Nxe4 17.Ng3 Nxg3 18.Bxc6+ bxc6 19.Re1+ Kd7 20.Bf4 Qh4 21.d5 c5 22.d6 Rae8
23.Re7+ Rxe7 24.dxe7+ Kxe7 25.Qd6+ Ke8 26.Bxg3 Qe7 27.Qc6+ Kd8 28.Qa8+ Kd7
29.Qxa7+ Kd8 30.Qb8+ Kd7 31.Qc7+  1-0

[Event "28th Cappelle Open"]
[Site "Cappelle la Grande FRA"]
[Date "2012.03.09"]
[Round "8.43"]
[White "Abdalla,L"]
[Black "Horvath,Ad1"]
[Result "0-1"]
[WhiteElo "2277"]
[BlackElo "2487"]

1.d4 Nf6 2.c4 e6 3.Nc3 Bb4 4.f3 O-O 5.a3 Bxc3+ 6.bxc3 Nh5 7.Nh3 f5 8.Bg5 Nf6
9.e4 fxe4 10.fxe4 d6 11.Nf2 e5 12.c5 Be6 13.d5 Bc8 14.Be2 Nbd7 15.cxd6 cxd6
16.O-O Nc5 17.Qb1 Bd7 18.Qb4 Qc7 19.Be3 a5 20.Qb1 Ba4 21.c4 Ra6 22.Ra2 Rb6
23.Rb2 Rb3 24.Rxb3 Bxb3 25.Rc1 a4 26.h3 b6 27.Bf3 Qf7 28.Bxc5 bxc5 29.Qd3 Nh5
30.Qe3 Nf4 31.Kh2 Qf6 32.Rc3 Ng6 33.Kg1 Nf4 34.Kh2 Rb8 35.g3 Ng6 36.Kg2 Nf8
37.Bg4 Qd8 38.Qf3 Rb7 39.h4 Rf7 40.Qe3 Qa5 41.Nh3 h6 42.h5 Rb7 43.Qf3 Bd1  0-1

[Event "28th Cappelle Open"]
[Site "Cappelle la Grande FRA"]
[Date "2012.03.09"]
[Round "8.21"]
[White "Simantsev,M"]
[Black "Naumkin,I"]
[Result "0-1"]
[WhiteElo "2548"]
[BlackElo "2452"]

1.d4 Nf6 2.c4 e6 3.Nc3 Bb4 4.f3 d5 5.a3 Bxc3+ 6.bxc3 c5 7.cxd5 Nxd5 8.dxc5 f5
9.e4 fxe4 10.Qc2 e3 11.Bd3 Nd7 12.Ne2 Nxc5 13.O-O Bd7 14.c4 Nf6 15.Bxe3 Nxd3
16.Qxd3 O-O 17.Qb3 Qc7 18.Nd4 Kh8 19.Rfe1 a6 20.c5 Rae8 21.Qb6 Qc8 22.Bf2 e5
23.Nb3 Bc6 24.Na5 Bd5 25.Nb3 e4 26.Nd2 exf3 27.Nxf3 Ne4 28.Rad1 Re6 29.Qb2 Bc6
30.Re3 Rg6 31.Rf1 Nxc5 32.Bg3 Ne4 33.Be5 Qf5 34.Qe2 Bb5 35.Nd2 Qxf1+ 36.Nxf1 Bxe2
37.Rxe2 Ng5 38.Bg3 Kg8 39.Rc2 Rc6 40.Re2 Ne6 41.Re1 Nd4  0-1

[Event "TCh-FIN SM-Liiga 2011-12"]
[Site "Helsinki FIN"]
[Date "2012.03.11"]
[Round "10.2"]
[White "Sulskis,S"]
[Black "Veingold,A"]
[Result "1/2-1/2"]
[WhiteElo "2577"]
[BlackElo "2473"]

1.c4 Nf6 2.d4 e6 3.Nc3 Bb4 4.f3 d5 5.a3 Bxc3+ 6.bxc3 c5 7.cxd5 Nxd5 8.dxc5 Qa5
9.e4 Nf6 10.Be3 O-O 11.Qb3 Nfd7 12.a4 Qc7 13.Qa3 b6 14.a5 bxc5 15.a6 c4 16.Ne2 Bxa6
17.Nf4 Ne5 18.Kf2 Rc8 19.Qa5 Qxa5 20.Rxa5 Nec6 21.Rg5 Nd7 22.Be2 h6 23.Rh5 Rab8
24.Ra1 Bb5 25.Bxa7 Nxa7 26.Rxa7 Nf6 27.Re5 Nd7 28.Rxb5 Rxb5 29.Rxd7 Rb3 30.Bd1 Rxc3
31.Ne2 Ra3 32.Rd2 c3 33.Rc2 g5 34.Ke1 Kg7 35.Rc1 h5 36.Nd4 Rd8 37.Nb5 Ra2
38.Be2 c2 39.Nc3 Rb2 40.g3 f5 41.Ba6 g4 42.fxg4 hxg4 43.exf5 exf5 44.Be2 Kg6
45.Bb5 Rh8 46.Bd3 Rxh2 47.Ne2 Rb1 48.Kd2 Rxc1 49.Kxc1 Rxe2 50.Bxe2 Kg5 51.Kxc2 f4
52.Bf1 fxg3 53.Kd2 Kf4 54.Kd3 Ke5 55.Kc4 Kf6 56.Kd4 Kf5 57.Kd5 Kf4 58.Kd4  1/2-1/2

[Event "ch-Moscow Final 2012"]
[Site "Moscow RUS"]
[Date "2012.03.11"]
[Round "2"]
[White "Belous,V"]
[Black "Chudinovskikh,A"]
[Result "1-0"]
[WhiteElo "2524"]
[BlackElo "2278"]

1.d4 Nf6 2.c4 e6 3.Nc3 Bb4 4.f3 d5 5.a3 Bxc3+ 6.bxc3 c5 7.cxd5 Nxd5 8.dxc5 f5
9.Nh3 O-O 10.c4 Qh4+ 11.Nf2 Nf6 12.e3 Nc6 13.Be2 Nd7 14.Qd6 Nde5 15.Qd1 Nd7
16.Bb2 Nxc5 17.O-O Rd8 18.Qc2 b6 19.Rad1 Bb7 20.Nd3 Qg5 21.Nf4 h6 22.g3 Rxd1
23.Rxd1 Rd8 24.Rxd8+ Nxd8 25.Kf2 Nf7 26.h4 Qd8 27.Ng6 Nd7 28.c5 bxc5 29.Qc3 Nf6
30.Qxc5 Kh7 31.Nf8+ Kg8 32.Nxe6 Qd5 33.Qf8+  1-0

[Event "Reykjavik Open"]
[Site "Reykjavik ISL"]
[Date "2012.03.11"]
[Round "6.12"]
[White "Coleman,T"]
[Black "Halkias,S"]
[Result "0-1"]
[WhiteElo "2356"]
[BlackElo "2588"]

1.d4 Nf6 2.c4 e6 3.Nc3 Bb4 4.f3 d5 5.a3 Be7 6.e4 dxe4 7.fxe4 e5 8.d5 Bc5
9.Nf3 Bg4 10.Be2 Nbd7 11.Qc2 c6 12.Bg5 h6 13.Bh4 Rc8 14.Rf1 Bxf3 15.Rxf3 Qa5
16.O-O-O Bd4 17.h3 O-O 18.g4 Nh7 19.Be1 Qd8 20.h4 Nb6 21.Bg3 cxd5 22.Nxd5 Nxd5
23.exd5 b5 24.Rf5 bxc4 25.Bxe5 Bxe5 26.Rxe5 c3 27.bxc3 Qd6 28.Re3 Qxa3+ 29.Qb2 Qd6
30.c4 Rfe8 31.Qd4 Rxe3 32.Qxe3 Nf6 33.Rd4 Re8 34.Qd3 Qe5 35.Bd1 Nd7 36.Bc2 Qe1+
37.Kb2 g6 38.Re4 Rb8+ 39.Ka2 Qa5+ 40.Qa3 Qd2 41.Qd3 Qb4 42.Qa3 Qb6 43.Re3 Nc5
44.h5 g5 45.Qc1 Qa6+  0-1

[Event "European Ind w 2012"]
[Site "Gaziantep TUR"]
[Date "2012.03.13"]
[Round "11"]
[White "Alexanian,N"]
[Black "Soyunlu,N"]
[Result "1-0"]
[WhiteElo "2114"]
[BlackElo "1842"]

1.d4 e6 2.c4 Nf6 3.Nc3 Bb4 4.f3 d5 5.a3 Bxc3+ 6.bxc3 c5 7.cxd5 Nxd5 8.dxc5 Qa5
9.e4 Ne7 10.Be3 Qxc3+ 11.Kf2 Nbc6 12.Ne2 Qe5 13.Qc1 f5 14.f4 Qc7 15.Nc3 O-O
16.Nb5 Qd7 17.e5 Nxe5 18.fxe5 f4 19.Bd2 Ng6 20.Qc3 f3 21.gxf3 Qc6 22.Be2 b6
23.cxb6 Qxb6+ 24.Qd4 Nxe5 25.Qxb6 axb6 26.Rhg1 g6 27.Bc3  1-0

[Event "European Ind w Rapid 2012"]
[Site "Gaziantep TUR"]
[Date "2012.03.15"]
[Round "3"]
[White "Ushenina,A"]
[Black "Dzagnidze,N"]
[Result "0-1"]
[WhiteElo "2458"]
[BlackElo "2559"]

1.d4 Nf6 2.c4 e6 3.Nc3 Bb4 4.f3 d5 5.a3 Bxc3+ 6.bxc3 c5 7.cxd5 Nxd5 8.dxc5 Qa5
9.e4 Ne7 10.Be3 O-O 11.Qb3 Nd7 12.a4 Qc7 13.a5 Rb8 14.Qa3 f5 15.Bc4 fxe4
16.fxe4 Ne5 17.Be2 N7g6 18.Nf3 Ng4 19.Qc1 Bd7 20.Nd4 Nxe3 21.Qxe3 Qxc5 22.Nc2 Qc7
23.Bf3 Bb5 24.Nd4 Bc4 25.Kf2 Ne5 26.Kg1 Rf6 27.h4 Qc5 28.Rh3 Rbf8 29.Rg3 h6
30.Rb1 Qc7 31.Be2 R8f7 32.Nb5 Bxb5 33.Rxb5 a6 34.Rc5 Qd6 35.Qd4 Qxd4+ 36.cxd4 Nc6
37.d5 exd5 38.exd5 Nd4 39.Rc8+ Rf8 40.Rxf8+ Kxf8 41.Bc4 Nf5 42.Rb3 Nd6 43.Be2 Rf4
44.g3 Ra4 45.Rf3+ Ke7 46.Re3+ Kd7 47.Kf2 Rxa5 48.Bg4+ Kd8 49.Be6 Ra4 50.Rf3 Ke7
51.Re3 b5 52.Bg8+ Kd7 53.Be6+ Kc7 54.Bg8 Re4 55.Rc3+ Nc4 56.Kf3 Re8 57.d6+ Kxd6
58.Bxc4 bxc4 59.Rxc4 a5 60.Rg4 Re7 61.Rg6+ Kc5 62.Ra6 Kb5 63.Ra8 a4 64.Kf4 Re6
65.Ra7 g6 66.g4 Ra6 67.Rb7+ Rb6 68.Ra7 Kb4 69.Ke3 a3 70.Kd2 Kb3 71.Rc7 a2
72.Rc3+ Ka4 73.Rc4+ Rb4 74.Rc6 Ka3 75.Kc2 a1=Q  0-1

[Event "13th EICC"]
[Site "Plovdiv BUL"]
[Date "2012.03.22"]
[Round "3.126"]
[White "Baron,Ta"]
[Black "Codenotti,M"]
[Result "1/2-1/2"]
[WhiteElo "2497"]
[BlackElo "2328"]

1.d4 Nf6 2.c4 e6 3.Nc3 Bb4 4.f3 Nc6 5.a3 Bxc3+ 6.bxc3 b6 7.e4 Ba6 8.Bd3 Na5
9.Qe2 Nb3 10.Rb1 Nxc1 11.Rxc1 O-O 12.Nh3 d6 13.O-O e5 14.Nf2 Nh5 15.g3 Qg5
16.Kh1 Qh6 17.Kg2 Qg6 18.Kh1 Qh6 19.Kg2 Qg6 20.Kh1 Qh6  1/2-1/2

[Event "28th Budapest Spring Festival"]
[Site "Budapest HUN"]
[Date "2012.03.27"]
[Round "2.2"]
[White "Kantor,G"]
[Black "Vereb,G"]
[Result "1/2-1/2"]
[WhiteElo "2316"]
[BlackElo "2170"]

1.d4 Nf6 2.c4 e6 3.Nc3 Bb4 4.f3 d5 5.a3 Bxc3+ 6.bxc3 c5 7.cxd5 Nxd5 8.dxc5 f5
9.Qc2 f4 10.Bxf4 Nxf4 11.Qa4+ Nc6 12.Qxf4 e5 13.Qc4 Qe7 14.e4 Be6 15.Qb5 a6
16.Qb6 O-O 17.Ne2 Rad8 18.h4 Qd7 19.Kf2 Rf7 20.Ng3 Qd2+ 21.Be2 Qxc3 22.Rhd1 Rfd7
23.Rac1  1/2-1/2

[Event "13th EICC"]
[Site "Plovdiv BUL"]
[Date "2012.03.27"]
[Round "7.106"]
[White "Izzat,Kanan"]
[Black "Cornette,M"]
[Result "0-1"]
[WhiteElo "2319"]
[BlackElo "2545"]

1.d4 Nf6 2.c4 e6 3.Nc3 Bb4 4.f3 d5 5.a3 Bxc3+ 6.bxc3 c5 7.cxd5 exd5 8.e3 Qc7
9.Ra2 Bf5 10.Ne2 cxd4 11.cxd4 Nbd7 12.Ng3 Bg6 13.Kf2 O-O 14.Bd3 Rac8 15.Rc2 Qxc2+
16.Bxc2 Rxc2+ 17.Ne2 Nb6 18.g4 Rfc8 19.h4 h5 20.gxh5 Nxh5 21.Rg1 Na4 22.Rxg6 fxg6
23.Qd3 Kh7 24.e4 dxe4 25.fxe4 R8c3 26.Ke3 Rxd3+ 27.Kxd3 Rc8 28.e5 Ng3 29.Bg5 Nxe2
30.d5 Rc5  0-1

[Event "13th EICC"]
[Site "Plovdiv BUL"]
[Date "2012.03.31"]
[Round "11.108"]
[White "Baron,Ta"]
[Black "Pantev,V"]
[Result "1/2-1/2"]
[WhiteElo "2497"]
[BlackElo "2379"]

1.d4 Nf6 2.c4 e6 3.Nc3 Bb4 4.f3 b6 5.e4 Nc6 6.Ne2 e5 7.Be3 exd4 8.Nxd4 Nxd4
9.Bxd4 O-O 10.Be2 d6 11.Qd2 Be6 12.Rb1 Bc5 13.O-O Nd7 14.b4 Bxd4+ 15.Qxd4 a5
16.a3 axb4 17.axb4 Ne5 18.Rfd1 Qg5 19.Kh1 h6 20.g3 c5 21.Qxd6 Nxc4 22.f4 Nxd6
23.fxg5 Rfd8 24.gxh6 gxh6 25.bxc5 bxc5 26.Rb6 Ne8 27.Rxd8 Rxd8 28.Rc6 Nf6
29.Rxc5 Rd2 30.Bf3 Ng4 31.Bxg4 Bxg4 32.Kg1 Kg7 33.Rd5 Rc2 34.Rd3 Rc1+ 35.Kf2 Rc2+
36.Kg1 Rc1+ 37.Kf2 Rc2+ 38.Kg1 Rc1+ 39.Kf2 Rc2+ 40.Kg1 Rc1+  1/2-1/2